| 000 | 01362nam a2200373 c 4500 | ||
|---|---|---|---|
| 001 | 20904 | ||
| 003 | ES-MaCES | ||
| 005 | 20150929135504.0 | ||
| 008 | 080228s2007 lu do t m000 | eng d | ||
| 020 | _a9291911313 | ||
| 035 | _aCES20080001551m | ||
| 040 |
_aES-MaCES _bspa _cES-MaCES |
||
| 245 | 0 | 0 |
_aOSH in figures _b: young workers : facts and figures _c[prepared by Prevent, Institute for Occupational Safety and Health, for the European Agency for Safety and Health at Work] |
| 260 |
_aLuxembourg _bOffice for Official Publications of the European Communities _c2007 |
||
| 300 |
_a188 p. _bfot., gráf. col. _c30 cm |
||
| 490 | 1 |
_aEuropean risk observatory report _v4 |
|
| 541 | _cGratuito | ||
| 650 | 4 |
_ajoven trabajador _928415 |
|
| 650 | 4 |
_aempleo de jóvenes _929982 |
|
| 650 | 4 |
_aseguridad en el trabajo _928348 |
|
| 650 | 4 |
_asalud en el trabajo _928347 |
|
| 650 | 4 |
_ariesgo _929564 |
|
| 650 | 4 |
_aaccidente de trabajo _928345 |
|
| 650 | 4 |
_aenfermedad profesional _928346 |
|
| 650 | 4 |
_aDirectiva de la CE _929873 |
|
| 653 | 1 | 0 | _aSalud |
| 650 | 4 |
_929020 _apaís de la UE |
|
| 650 | 4 |
_926752 _aUE |
|
| 710 | 2 |
_aAgencia Europea para la Seguridad y la Salud en el Trabajo _91261 |
|
| 830 | 0 |
_aEuropean risk observatory report _v4 _934358 |
|
| 902 | _aLIB Libro | ||
| 942 |
_2CES _cBK _h3.1. |
||
| 999 |
_c20904 _d20904 |
||